| 000 | 00701nam a22002177a 4500 | ||
|---|---|---|---|
| 999 |
_c15650 _d15650 |
||
| 003 | AR-CdUCM | ||
| 008 | 190429b ||||| |||| 00| 0 spa d | ||
| 040 |
_aMUNICIPALIDAD PROVINCIAL DEL CUSCO _cBIBLIOTECA MUNICIPAL DEL CUSCO |
||
| 082 |
_a860 / _bM835 |
||
| 100 |
_aMore, Ernesto _9977 |
||
| 245 |
_aNeruda Cuba : _bLos obispos / |
||
| 260 |
_aLima : _bPaz y soberanía, |
||
| 300 |
_a30 páginas ; _c20 cm. |
||
| 500 | _aDiscurso de Pablo Neruda en el teatro Caupalican de Santiago de Chile | ||
| 505 | _aContenido: Poesía de Pablo Neruda. | ||
| 650 |
_a Poesía _934787 |
||
| 650 |
_aNeruda _925027 |
||
| 650 |
_aPoesía chilena _95520 |
||
| 942 |
_2ddc _cFOLLETOS |
||
| 945 |
_adavv _d29/04/2019 |
||